Analysis of the Chosen EDTs and Its Relevance for the Slovak Republic

Zdôrazňovanie významných bezpečnostných dôsledkov, ktoré predstavujú Emerging and Disruptive Technologies (EDT) v medzinárodnom spoločenstve, nevynímajúc Slovenskú republiku. Snaha podčiarknuť, že medzi EDT je ​​umelá inteligencia (AI) najzraniteľnejšia a potenciálne najzraniteľnejšia využívaná tech...

Ausführliche Beschreibung

Gespeichert in:
Bibliographische Detailangaben
1. Verfasser: Sýkora, Juraj, 1998-
Format: Buchkapitel
Sprache:Englisch
Schlagworte:
Tags: Tag hinzufügen
Keine Tags, Fügen Sie das erste Tag hinzu!

MARC

LEADER 00000naa$a2200000$$$4500
001 0298541
005 20240717090342.2
041 0 |a eng 
044 |a SK 
245 1 0 |a Analysis of the Chosen EDTs and Its Relevance for the Slovak Republic  |c Juraj Sýkora 
520 |a Zdôrazňovanie významných bezpečnostných dôsledkov, ktoré predstavujú Emerging and Disruptive Technologies (EDT) v medzinárodnom spoločenstve, nevynímajúc Slovenskú republiku. Snaha podčiarknuť, že medzi EDT je ​​umelá inteligencia (AI) najzraniteľnejšia a potenciálne najzraniteľnejšia využívaná technológia v rámci slovenského, bezpečnostného prostredia. Preskúmanie etických a právnych dimenzií, spojených s využívaním EDT. 
610 2 0 |a inteligencia umelá 
610 2 0 |a bezpečnosť 
610 2 0 |a Slovensko 
610 2 0 |a bezpečnosť medzinárodná 
610 2 0 |a bezpečnosť národná 
610 2 0 |a technológie nové 
100 1 |a Sýkora, Juraj, 1998-